[Event "Hessen-ch Gr-F 65th"]
[Site "Gladenbach"]
[Date "2011.04.23"]
[Round "3"]
[White "Baumgardt, Sascha"]
[Black "Schwichtenberg, Daniel"]
[Result "1/2-1/2"]
[WhiteElo "1209"]
[BlackElo "1200"]
[PlyCount "118"]
[EventDate "2011.04.22"]
[EventType "swiss"]
[EventRounds "5"]
[EventCountry "GER"]
[SourceTitle "CBM 142 Extra"]
[Source "ChessBase"]
[SourceDate "2011.06.27"]
[SourceVersion "1"]
[SourceVersionDate "2011.06.27"]
[SourceQuality "1"]

1. e4 d6 2. d4 g6 3. Bg5 Bg7 4. Nf3 Nd7 5. Nc3 c6 6. Bc4 f6 7. Bxg8 Rxg8 8. Be3 Qb6 9. Rb1 Qa6 10. a3 e5 11. d5 c5 12. Qd3 Qxd3 13. cxd3 a6 14. b4 b5 15. 0-0 cxb4 16. Rxb4 f5 17. g3 f4 18. gxf4 exf4 19. Bd4 Ne5 20. Nxe5 dxe5 21. Bb6 Bd7 22. Rb3 Kf7 23. d6 Be6 24. Rb2 Rgc8 25. Bc7 Bf8 26. Rc1 Ke8 27. Rbc2 Kd7 28. Nd5 Bxd5 29. exd5 Bxd6 30. Bxd6 Rxc2 31. Rxc2 Kxd6 32. f3 Ra7 33. Rc8 Kxd5 34. Rd8+ Kc6 35. Re8 Rd7 36. Rxe5 Rxd3 37. Re6+ Kb7 38. Re7+ Kb6 39. Rxh7 Rxa3 40. Rg7 Rxf3 41. Rxg6+ Ka5 42. Kg2 Rc3 43. h4 b4 44. h5 b3 45. h6 b2 46. Rg5+ Kb4 47. Rg8 Rg3+ 48. Rxg3 b1Q 49. Rg4 Qe4+ 50. Kh2 Qe2+ 51. Kh3 Qe6 52. h7 Qc8 53. Kh4 Qh8 54. Rxf4+ Kc5 55. Rf7 Kb6 56. Kh5 Kc6 57. Kg6 a5 58. Rg7 Qe8+ 59. Rf7 Qe4+ 1/2-1/2

[Event "Hessen-ch Gr-F 65th"]
[Site "Gladenbach"]
[Date "2011.04.23"]
[Round "4"]
[White "Schwichtenberg, Daniel"]
[Black "Vural, Argun"]
[Result "0-1"]
[WhiteElo "1200"]
[BlackElo "1250"]
[PlyCount "122"]
[EventDate "2011.04.22"]
[EventType "swiss"]
[EventRounds "5"]
[EventCountry "GER"]
[SourceTitle "CBM 142 Extra"]
[Source "ChessBase"]
[SourceDate "2011.06.27"]
[SourceVersion "1"]
[SourceVersionDate "2011.06.27"]
[SourceQuality "1"]

1. e4 e6 2. Nf3 d6 3. d4 g6 4. Bc4 Bg7 5. 0-0 Ne7 6. Be3 Nd7 7. c3 b6 8. d5 Nf6 9. dxe6 Bxe6 10. Bxe6 fxe6 11. Qd3 0-0 12. Re1 Nc6 13. Bg5 h6 14. Bd2 Ng4 15. h3 Nge5 16. Nxe5 Nxe5 17. Qe2 Rf7 18. f4 Nd7 19. Qg4 Qf6 20. Qf3 Raf8 21. Na3 e5 22. Nb5 exf4 23. Nxc7 Ne5 24. Qxf4 Rxc7 25. Qg3 Nc4 26. Be3 Nxe3 27. Rxe3 Rcf7 28. Rf3 Qe6 29. Rd3 Be5 30. Qe3 Qf6 31. Rdd1 Qf2+ 32. Qxf2 Rxf2 33. Rab1 Re2 34. Re1 Rff2 35. Rxe2 Rxe2 36. Kf1 Rxe4 37. Re1 d5 38. Rxe4 dxe4 39. Kf2 Bf4 40. c4 h5 41. b3 h4 42. a3 g5 43. b4 Kf7 44. c5 bxc5 45. bxc5 Ke7 46. Ke2 Kd7 47. Kd1 Kc6 48. a4 Kxc5 49. Kc2 Kb4 50. Kd1 Kxa4 51. Kc2 Ka3 52. Kd1 a5 53. Ke2 a4 54. Kd1 Kb2 55. Ke2 a3 56. Ke1 a2 57. Kf2 a1Q 58. Ke2 Qa3 59. g4 hxg3 60. Kf1 Qf3+ 61. Ke1 Qf2+ 0-1

[Event "Hessen-ch Gr-F 65th"]
[Site "Gladenbach"]
[Date "2011.04.22"]
[Round "1"]
[White "Fresser, Falco"]
[Black "Schwichtenberg, Daniel"]
[Result "0-1"]
[WhiteElo "774"]
[BlackElo "1200"]
[PlyCount "72"]
[EventDate "2011.04.22"]
[EventType "swiss"]
[EventRounds "5"]
[EventCountry "GER"]
[SourceTitle "CBM 142 Extra"]
[Source "ChessBase"]
[SourceDate "2011.06.27"]
[SourceVersion "1"]
[SourceVersionDate "2011.06.27"]
[SourceQuality "1"]

1. e4 d6 2. d4 g6 3. c3 Bg7 4. Nf3 c6 5. Qb3 d5 6. e5 f6 7. Bf4 fxe5 8. Nxe5 Nd7 9. Nxg6 hxg6 10. Qc2 Nf8 11. Bd3 Bf5 12. Bxf5 gxf5 13. Qxf5 Qd7 14. Qg5 Bf6 15. Qg3 0-0-0 16. 0-0 Ne6 17. Nd2 Nxf4 18. Qxf4 Nh6 19. h3 Rdg8 20. Kh1 Bg5 21. Qf3 Bxd2 22. Rad1 Bg5 23. Rd3 Qf5 24. Qe2 Bf6 25. Rf3 Qg6 26. Rg3 Qe4 27. Qh5 Nf5 28. Rxg8+ Rxg8 29. f3 Ng3+ 30. Kh2 Nxh5 31. fxe4 dxe4 32. Re1 e5 33. dxe5 Bxe5+ 34. Kg1 Nf6 35. Kf2 Bg3+ 36. Ke2 Bxe1 0-1